000 00677nam a2200265Ia 4500
005 20260302114449.0
008 008 260114s9999 xx 000 0 eng d
020 _a9798881817091
037 _aTextbook
040 _aCRL
040 _beng
040 _cCRL
041 _2eng
041 _aeng
084 _qCRL
100 _aKathryn J. Norlock
_91118846
245 4 _aThe Moral Psychology of Forgiveness
260 _bBloomsbury
260 _bRowman & Littlefield
260 _c2017
650 _aPhilosophy
856 _uhttps://doi.org/10.5040/9798881817091?locatt=label:secondary_bloomsburyCollections
942 _cEBOOK
999 _c1682644
_d1682644